Municipalities of Chongqing City - Statistics

General Stats
  • This quiz has been taken 16 times
  • The average score is 26 of 38
Answers on the Map
Answers color-coded by a green-red scale on the quiz's map according to % correct below.
 
Answer Stats
Answer % Correct
Jiangbei 江北
80%
Rongchang 荣昌
80%
Banan 巴南
70%
Beibei 北碚
70%
Bishan 璧山
70%
Changshou 长寿
70%
Dadukou 大渡口
70%
Dazu 大足
70%
Dianjiang 垫江
70%
Fengdu 丰都
70%
Fuling 涪陵
70%
Jiangjin 江津
70%
Jiulongpo 九龙坡
70%
Nan'an 南岸
70%
Nanchuan 南川
70%
Qijiang 綦江
70%
Shapingba 沙坪坝
70%
Tongliang 铜梁
70%
Tongnan 潼南
70%
Wanzhou 万州
70%
Wulong 武隆
70%
Wushan 巫山
70%
Wuxi 巫溪
70%
Yongchuan 永川
70%
Yubei 渝北
70%
Yuzhong 渝中
70%
Chengkou 城口
60%
Fengjie 奉节
60%
Hechuan 合川
60%
Kaizhou 开州
60%
Liangping 梁平
60%
Pengshui Miao and Tujia 彭水苗族土家族
60%
Qianjiang 黔江
60%
Shizhu Tujia 石柱土家族
60%
Xiushan Tujia and Miao 秀山土家族苗族
60%
Youyang Tujia and Miao 酉阳土家族苗族
60%
Yunyang 云阳
60%
Zhong 忠
60%
No matching quizzes found
Score Distribution
Percent of People with Each Score
Percentile by Number Answered
Your Score History
You have not taken this quiz